Studio Ghibli Characters by Picture - Statistics

General Stats
  • This quiz has been taken 1,849 times
    1,840 since last reset
  • The average score is 9 of 16
Answer Stats
Picture Answer % Correct
Totoro
97%
Ponyo
86%
Kiki
85%
San
78%
Howl Jenkins Pendragon
72%
No Face
68%
Chihiro Ogino
67%
Catbus
63%
Porco Rosso
60%
Calcifer
59%
Arrietty
57%
Yubaba
42%
Princess Kaguya
39%
Ashitaka
27%
Laputian Robot
18%
Seita Yokokawa
8%
No matching quizzes found
Score Distribution
Percent of People with Each Score
Percentile by Number Answered
Your Score History
You have not taken this quiz since the last reset